Statistics for Get Your Critic On with Tonight's Top 10

Click here to take the quiz!

General Stats

  • This quiz has been taken 10 times
  • The average score is 24 of 40

Answer Stats

Year Clue Answer % Correct
1960-1970covered up the death of a member but left secrets in their songsThe Beatles
100%
1972Is this a horse head?The Godfather
100%
1941it was a freakin sledCitizen Kane
100%
1952precipitation and danceSinging in the Rain
86%
1953-1977peanut butter and banana sandwhichesElvis Presley
86%
1962-PresentI'm pretty sure they have been satisfiedThe Rolling Stones
86%
1939THE American epic romanceGone with the Wind
86%
1962Brit in the Middle EastLawrence of Arabia
86%
1851Ahab shoots a fish... wait... mammalMoby Dick
86%
1967here's to you Joe DimaggioThe Graduate
71%
1599-1602man has breakdown infront of a skullHamlet
71%
8th Cen. BCwritten by Bart's fatherThe Odyssey
71%
1947-2013a real tutti fruttiLittle Richard
71%
1954I coulda been a contenderOn the Waterfront
71%
1942here's looking at youCasablanca
71%
1925playboys will be playboysThe Great Gatsby
57%
1993black and white and one red coatSchindler's List
57%
2011rats, this is the 2nd time I've fallen for that cake liePortal 2
57%
1959-Presenthow many more songs must I singBob Dylan
57%
2004Gordan Freeman... you're back!Half-Life 2
57%
1922Leopold Bloom, Dublin, 16 June 1904Ulysses
57%
1985its a meSuper Mario Bros.
57%
1956-Presentthe natural womanAretha Franklin
57%
1993damn creatures from hellDoom
57%
1939matches up to Dark Side of the MoonThe Wizard of Oz
57%
1984fun Russian musicTetris
57%
1994Insane in the Mother BrainSuper Metroid
43%
1998HEY!The Legend of Zelda: Ocarina of Time
43%
1856has affairs in order to feel betterMadame Bovary
43%
1869originally titled: war what is it good for?War and Peace
43%
1955-Presentthis is your cousin, MarvinChuck Berry
43%
1953-2006too hot for the hot tub... hwwoowJames Brown
43%
19903 times better than the originalSuper Mario Bros. 3
43%
1913-1927really long and frenchIn Search of Lost Time
29%
1615thinks he is a character in a story, kind ofDon Quixote
29%
2004Beyonce can see this... againHalo 2
29%
1963-1970son of a son of a voodoo parentJimi Hendrix
29%
1947-2004what'd you say, more like what'd you seeRay Charles
29%
1992a clever pun on the protagonists nameThe Legend of Zelda: A Link to the Past
29%
1320poems about Catholic thingsThe Devine Comedy
14%

Score Distribution

Percentile by Number Answered

Percent of People with Each Score

Your Score History

You have not taken this quiz